| 000 | 00945cam a2200265 a 4500 | ||
|---|---|---|---|
| 001 | 3452075 | ||
| 005 | 20180209070705.0 | ||
| 008 | 921216s1993 nyua b 001 0 eng | ||
| 010 | _a 92045696 | ||
| 020 | _a0807732532 (alk. paper) | ||
| 020 | _a0807732524 (pbk. : alk. paper) | ||
| 040 |
_aDLC _cDLC _dDLC |
||
| 041 | _aeng | ||
| 043 | _an-us--- | ||
| 080 | _a305.235.0973 BRI | ||
| 082 | 0 | 0 |
_a305.235.0973 BRI _220 |
| 100 | _a49 | ||
| 101 | _aPSI | ||
| 245 | 0 | 0 |
_aIdentity and inner-city youth : _cedited by Shirley Brice Heath and Milbrey W. McLaughlin. |
| 504 | _aIncludes bibliographical references and index. | ||
| 740 | 0 | _aIdentity & inner-city youth. | |
| 906 |
_a7 _bcbc _corignew _d1 _eocip _f19 _gy-gencatlg |
||
| 942 |
_2ddc _cBK |
||
| 999 |
_c42246 _d42246 |
||